Normal view
MARC view
Entry Geographic Name
001 - CONTROL NUMBER
- control field: 5988
003 - CONTROL NUMBER IDENTIFIER
- control field: ARRUPE
005 - DATE AND TIME OF LATEST TRANSACTION
- control field: 20131219131717.0
008 - FIXED-LENGTH DATA ELEMENTS
- fixed length control field: 131219|| aca||aabn | a|a d
040 ## - CATALOGING SOURCE
- Original cataloging agency: ARRUPE
- Transcribing agency: ARRUPE
151 ## - HEADING--GEOGRAPHIC NAME
- Geographic name: France
- General subdivision: History
- Chronological subdivision: Louis XV, 1715-1774.
670 ## - SOURCE DATA FOUND
- Source citation: Work cat.: (ARRUPE)0: Bernier, Olivier. 5986, Louis the Beloved :, c1984.